000 00492nam a2200181Ia 4500
008 240729s9999 xx 000 0 und d
022 _a1936-6434
245 0 _aEvolution: Education and Outreach
260 _aUnited Kingdom
260 _bBMC
650 _a Biology (General)
650 _a Evolution
650 _a Special aspects of education | Science
650 _aEducation
856 _uhttps://doaj.org/toc/ea8db297991942e196b9c3851389e65f
942 _2ddc
942 _cDOAJEJ
999 _c71713
_d71713
945 _a1
_bMadushi Gamage
_c1
_dMadushi Gamage